| 000 | 00591nam a2200205 i 4500 | ||
|---|---|---|---|
| 001 | 25227 | ||
| 003 | ES-MaACL | ||
| 005 | 20230906153221.0 | ||
| 007 | t| | ||
| 008 | 021223s1940 sp ||||1| spa d | ||
| 100 | 1 |
_aArán, Santos. _922237 |
|
| 245 | 1 | 4 |
_aLas aves y sus productos / _cpor Santos Arán. |
| 250 | _a4ª ed. | ||
| 260 |
_aMadrid : _b[s.n., _c1940?] ( _fTip. Yagües) |
||
| 300 |
_aXV, 543 p., 19 lám. col. : _bil. ; _c22 cm. |
||
| 490 | 1 | _aBiblioteca pecuaría | |
| 830 | 0 |
_aBiblioteca pecuaría _9180962 |
|
| 852 |
_aES-MaACL _jC-4749 _bR.25219 |
||
| 999 |
_c25227 _d25227 |
||